书目信息 |
| 题名: |
污水处理厂设备安装与调试技术
|
|
| 作者: | 郑国华 著 | |
| 分册: | ||
| 出版信息: | 北京 中国建筑工业出版社 2011 |
|
| 页数: | 16,375页 | |
| 开本: | 26cm | |
| 丛书名: | 现有净水厂、污水处理厂技术改造系列丛书 | |
| 单 册: | ||
| 中图分类: | X505 | |
| 科图分类: | ||
| 主题词: | 污水处理厂--污水处理设备--设备安装 , 污水处理厂 , 污水处理设备 , 设备安装 | |
| 电子资源: | ||
| ISBN: | 978-7-112-13536-3 | |
| 000 | 01061oam2 2200301 45 | |
| 001 | 1354492686 | |
| 005 | 20130510083512.43 | |
| 010 | @a978-7-112-13536-3@dCNY59.00 | |
| 100 | @a20130108d2011 em y0chiy50 ea | |
| 101 | 0 | @achi |
| 102 | @aCN@b110000 | |
| 105 | @ay z 000yy | |
| 106 | @ar | |
| 200 | 1 | @a污水处理厂设备安装与调试技术@AWu Shui Chu Li Chang She Bei An Zhuang Yu Diao Shi Ji Shu@f郑国华著@FZheng Guo Hua Zhu |
| 205 | @a2版 | |
| 210 | @a北京@c中国建筑工业出版社@d2011 | |
| 215 | @a16,375页@d26cm | |
| 225 | 2 | @a现有净水厂、污水处理厂技术改造系列丛书 |
| 330 | @a本书共17章,主要内容有:污水处理厂机械设备与材料选型、污水处理厂机械设备安装调试前的准备工作、污水处理厂机械设备的现场装配、大型设备的吊装方案等。 | |
| 461 | 0 | @12001 @a现有净水厂、污水处理厂技术改造系列丛书 |
| 606 | 0 | @a污水处理厂@x污水处理设备@x设备安装 |
| 606 | 0 | @a污水处理厂 |
| 606 | 0 | @a污水处理设备 |
| 606 | 0 | @a设备安装 |
| 690 | @aX505@v5 | |
| 701 | 0 | @a郑国华@AZheng Guo Hua@4著 |
| 801 | @aCN@bTANGWEI@c20130109 | |
| 905 | @b0830284-86@dX505@e109=2@f3 | |
| 污水处理厂设备安装与调试技术/郑国华著.-2版.-北京:中国建筑工业出版社,2011 |
| 16,375页;26cm.-(现有净水厂、污水处理厂技术改造系列丛书) |
| ISBN 978-7-112-13536-3:CNY59.00 |
| 本书共17章,主要内容有:污水处理厂机械设备与材料选型、污水处理厂机械设备安装调试前的准备工作、污水处理厂机械设备的现场装配、大型设备的吊装方案等。 |
| ● |
| 相关链接 |
|
|
|
|
正题名:污水处理厂设备安装与调试技术
索取号:X505/109=2
 
预约/预借
| 序号 | 登录号 | 条形码 | 馆藏地/架位号 | 状态 | 备注 |
| 1 | 0830284 | 208302843 | 第二样本阅览室/ [索取号:X505/109=2] | 在馆 | |
| 2 | 0830285 | 208302852 | 第三借阅区/ [索取号:X505/109=2] | 在馆 | |
| 3 | 0830286 | 208302861 | 第三借阅区/ [索取号:X505/109=2] | 在馆 |